Sports Quiz

Random Sports or Football Quiz

2010 NL Teams Most Common Lineups Quiz Stats

 Plays Quiz not verified by Sporcle

Score 0/128 Timer 20:00
0 Plays Today
Team Player % Correct
Philadelphia PhilliesRyan Howard
98.3%
Philadelphia PhilliesChase Utley
97.1%
Philadelphia PhilliesJimmy Rollins
97.1%
Atlanta BravesChipper Jones
95.3%
Florida MarlinsHanley Ramirez
95.3%
Chicago CubsAramis Ramirez
95.3%
Pittsburgh PiratesGarrett Jones
95.3%
Chicago CubsDerrek Lee
94.8%
Houston AstrosCarlos Lee
94.8%
St. Louis CardinalsAlbert Pujols
94.2%
Cincinnati RedsJoey Votto
93%
Milwaukee BrewersPrince Fielder
93%
San Diego PadresAdrian Gonzalez
93%
St. Louis CardinalsYadier Molina
92.4%
Philadelphia PhilliesShane Victorino
91.9%
Philadelphia PhilliesJayson Werth
90.7%
Atlanta BravesBrian McCann
90.7%
New York MetsDavid Wright
90.7%
Milwaukee BrewersRyan Braun
89%
Colorado RockiesTodd Helton
89%
Philadelphia PhilliesCarlos Ruiz
88.4%
Washington NationalsRyan Zimmerman
88.4%
New York MetsJose Reyes
87.8%
San Francisco GiantsBuster Posey
87.2%
Cincinnati RedsBrandon Phillips
86.6%
Colorado RockiesTroy Tulowitzki
86.6%
St. Louis CardinalsMatt Holliday
85.5%
Washington NationalsAdam Dunn
84.9%
Houston AstrosLance Berkman
84.9%
Florida MarlinsDan Uggla
84.3%
Philadelphia PhilliesRaul Ibanez
83.7%
Chicago CubsAlfonso Soriano
83.1%
Philadelphia PhilliesPlacido Polanco
81.4%
Cincinnati RedsScott Rolen
81.4%
Los Angeles DodgersMatt Kemp
81.4%
Los Angeles DodgersAndre Ethier
81.4%
Atlanta BravesJason Heyward
80.2%
Cincinnati RedsJay Bruce
80.2%
Chicago CubsGeovany Soto
80.2%
Los Angeles DodgersRussell Martin
80.2%
Houston AstrosChris Johnson
79.7%
Los Angeles DodgersReed Johnson
79.7%
Arizona DiamondbacksKelly Johnson
79.7%
Team Player % Correct
Atlanta BravesMelky Cabrera
79.1%
Florida MarlinsGaby Sanchez
79.1%
Cincinnati RedsOrlando Cabrera
79.1%
San Francisco GiantsFreddy Sanchez
79.1%
San Diego PadresEverth Cabrera
79.1%
Washington NationalsIvan Rodriguez
78.5%
San Francisco GiantsPablo Sandoval
78.5%
Pittsburgh PiratesAndrew McCutchen
76.7%
Atlanta BravesMartin Prado
76.2%
Arizona DiamondbacksMark Reynolds
76.2%
New York MetsIke Davis
75.6%
Milwaukee BrewersRickie Weeks
75.6%
Milwaukee BrewersCorey Hart
75.6%
New York MetsJason Bay
75%
Los Angeles DodgersJames Loney
75%
Cincinnati RedsRamon Hernandez
73.8%
San Francisco GiantsAubrey Huff
73.8%
St. Louis CardinalsRyan Ludwick
73.3%
Chicago CubsRyan Theriot
73.3%
Houston AstrosHunter Pence
73.3%
Florida MarlinsCody Ross and Cameron Maybin
72.7%
Chicago CubsStarlin Castro
72.7%
Arizona DiamondbacksChris Young
72.7%
Arizona DiamondbacksJustin Upton
72.7%
Washington NationalsNyjer Morgan
72.1%
Houston AstrosMichael Bourn
70.9%
Arizona DiamondbacksStephen Drew
70.9%
Los Angeles DodgersRafael Furcal
70.3%
Atlanta BravesYunel Escobar
69.8%
New York MetsLuis Castillo
69.8%
Milwaukee BrewersAlcides Escobar
69.8%
Chicago CubsKosuke Fukudome
69.8%
New York MetsAngel Pagan
68%
Los Angeles DodgersCasey Blake
66.9%
St. Louis CardinalsColby Rasmus
66.3%
Atlanta BravesTroy Glaus
65.7%
San Francisco GiantsPat Burrell
65.7%
Arizona DiamondbacksAdam LaRoche
64.5%
San Francisco GiantsAaron Rowand
63.4%
Chicago CubsMarlon Byrd
62.8%
Colorado RockiesSeth Smith
62.8%
Milwaukee BrewersCasey Mcgehee
62.2%
Colorado RockiesClint Barmes
62.2%
Team Player % Correct
Cincinnati RedsDrew Stubbs
61%
Atlanta BravesNate McLouth
60.5%
Pittsburgh PiratesRyan Doumit
60.5%
San Francisco GiantsJuan Uribe
60.5%
Colorado RockiesBrad Hawpe
58.7%
Florida MarlinsMike Stanton
58.1%
St. Louis CardinalsSkip Schumaker
58.1%
St. Louis CardinalsBrendan Ryan
57.6%
New York MetsJeff Francoeur
57%
Colorado RockiesDexter Fowler
57%
Arizona DiamondbacksMiguel Montero
57%
Washington NationalsIan Desmond
56.4%
San Diego PadresChase Headley
55.2%
San Diego PadresDavid Eckstein
52.9%
Milwaukee BrewersCarlos Gomez
51.2%
Colorado RockiesIan Stewart
51.2%
Washington NationalsJosh Willingham
50.6%
St. Louis CardinalsDavid Freese
50.6%
Pittsburgh PiratesLastings Milledge
49.4%
Los Angeles DodgersBlake DeWitt
49.4%
Pittsburgh PiratesPedro Alvarez
48.8%
Florida MarlinsJorge Cantu
48.3%
Pittsburgh PiratesNeil Walker
47.7%
New York MetsRod Barajas
47.1%
Cincinnati RedsJonny Gomes
45.9%
Florida MarlinsChris Coghlan
45.3%
Colorado RockiesMiguel Olivo
45.3%
San Diego PadresTony Gwynn Jr.
41.9%
Washington NationalsAdam Kennedy
41.3%
San Diego PadresWill Venable
41.3%
San Diego PadresScott Hairston
36.6%
Pittsburgh PiratesRonny Cedeno
36%
Florida MarlinsRonny Paulino
34.9%
San Diego PadresYorvit Torrealba
34.3%
San Francisco GiantsNate Schierholtz
29.1%
Houston AstrosJeff Keppinger
28.5%
Washington NationalsRoger Bernadina
27.9%
Pittsburgh PiratesJose Tabata
27.9%
Milwaukee BrewersJonathan Lucroy
26.2%
Arizona DiamondbacksGerardo Parra
26.2%
Houston AstrosHumberto Quintero
23.8%
Houston AstrosTommy Manzella
16.9%

You're not logged in!

Compare scores with friends on all Sporcle quizzes.
OR
Log In

Show Comments

Extras

Top Quizzes Today


Score Distribution

Your Account Isn't Verified!

In order to create a playlist on Sporcle, you need to verify the email address you used during registration. Go to your Sporcle Settings to finish the process.

Report this User

Report this user for behavior that violates our Community Guidelines.

Details: